En los ojos del día : (Record no. 190445)

MARC details
000 -LEADER
campo de control de longitud fija 00891nam a2200229 4500
001 - NÚMERO DE CONTROL
campo de control 190445
003 - IDENTIFICADOR DE NÚMERO DE CONTROL
campo de control ES-MaACL
005 - FECHA Y HORA DE LA ÚLTIMA TRANSACCIÓN
campo de control 20240519063028.0
008 - DATOS DE LONGITUD FIJA--INFORMACIÓN GENERAL
campo de control de longitud fija 210330s2003 sp 001 p spa
020 ## - NÚMERO INTERNACIONAL ESTÁNDAR DEL LIBRO
Número Internacional Estándar del Libro 84-226-9901-X
020 ## - NÚMERO INTERNACIONAL ESTÁNDAR DEL LIBRO
Número Internacional Estándar del Libro 84-8109-439-0
080 ## - NÚMERO DE LA CLASIFICACIÓN DECIMAL UNIVERSAL
Número de la Clasificación Decimal Universal 821.134.2(72)-14"19"
080 ## - NÚMERO DE LA CLASIFICACIÓN DECIMAL UNIVERSAL
Número de la Clasificación Decimal Universal 821.134.2(72)-4"19"
100 1# - ENTRADA PRINCIPAL--NOMBRE DE PERSONA
Nombre de persona Segovia, Tomás,
Fechas asociadas al nombre 1927-2011
9 (RLIN) 105153
245 10 - MENCIÓN DEL TÍTULO
Título En los ojos del día :
Resto del título antología poética /
Mención de responsabilidad, etc. Tomás Segovia ; introducción de Carlos Piera ; selección de Aurelio Major.
260 ## - PUBLICACIÓN, DISTRIBUCIÓN, ETC.
Lugar de publicación, distribución, etc. Barcelona :
Nombre del editor, distribuidor, etc. Círculo de Lectores :
-- Galaxia Gutenberg,
Fecha de publicación, distribución, etc. [2003]
300 ## - DESCRIPCIÓN FÍSICA
Extensión 341 p. ;
Dimensiones 22 cm.
505 8# - NOTA DE CONTENIDO CON FORMATO
Nota de contenido con formato Apéndice: Guía prosódica; Para empezar desde el principio
852 4# - LOCALIZACIÓN
Ubicación ES-MaACL
Número de control de estantería A-14646
itemnumber 197622
Sublocalización o colección R.152291
Ubicación en estantería Depósito 1
Signatura antigua Olim: N-7646
Donativo/Legado Donación: Editorial
Encuadernación Encuadernación en cartoné.
942 ## - ELEMENTOS DE ENTRADA SECUNDARIOS (KOHA)
Fuente del sistema de clasificación o colocación Clasificación decimal universal
Holdings
Estatus retirado Estado de pérdida Fuente del sistema de clasificación o colocación Estado de daño No para préstamo Biblioteca de origen Biblioteca actual Ubicación en estantería Fecha de adquisición Fuente de adquisición Total de préstamos Signatura topográfica completa Código de barras Visto por última vez Precio de reemplazo Tipo de ítem Koha
    Clasificación decimal universal     Biblioteca del Ateneo de Madrid Biblioteca del Ateneo de Madrid Depósito 1 30/03/2021 Donación   A-14646 1202468 23/02/2023 23/02/2023 Libro impreso